000 00889cam a2200205 4500
001 X104013
008 000000n2000 000 0 eng u
035 _a(Sirsi) u104013
245 _aR v Tandridge DC and another "ex parte" Al Fayed
260 _c2000
490 _aEstates Gazette Case Summaries
_v [2000] EGCS 1
520 _aCA 15 December 1999. Local resident challenging permission granted for telecom radio tower. Council allegedly taking inadequate account of resident's fears about effects of radiation. Whether council's decision to be quashed. Application refused. Appeal refused.
650 _aR V TANDRIDGE DC AND OTHERS EX P AL FAYED
650 _aRADIATION EMISSIONS
650 _aRADIO MAST
650 _aTOWN AND COUNTRY PLANNING
650 _aHEALTH AND SAFETY EXECUTIVE
690 _aENVIRONMENTAL AND LAND CONSULTANCY-PLANNING AND DEVELOPMENT
942 _n0
999 _c62425
_d62425